Technofeudalism (Record no. 5391)

MARC details
000 -CABECERA
campo de control de longitud fija 03288cam a2200421 i 4500
001 - NÚMERO DE CONTROL
campo de control a45626597
003 - IDENTIFICADOR DEL NÚMERO DE CONTROL
campo de control SIRSI
005 - FECHA Y HORA DE LA ÚLTIMA TRANSACCIÓN
campo de control 20260511121914.0
008 - DATOS DE LONGITUD FIJA--INFORMACIÓN GENERAL
campo de control de longitud fija 230818t20232023nyua b 001 0 eng d
010 ## - NÚMERO DE CONTROL DE LA BIBLIOTECA DEL CONGRESO
Número de control de LC 2023946923
020 ## - NÚMERO INTERNACIONAL ESTÁNDAR DEL LIBRO
Número Internacional Estándar del Libro 9781685891244
Información calificativa (paperback)
020 ## - NÚMERO INTERNACIONAL ESTÁNDAR DEL LIBRO
Número Internacional Estándar del Libro 1685891241
Información calificativa (paperback)
020 ## - NÚMERO INTERNACIONAL ESTÁNDAR DEL LIBRO
ISBN cancelado o inválido 9781685891237
Información calificativa (ebook)
035 ## - NÚMERO DE CONTROL DEL SISTEMA
Número de control de sistema (OCoLC)1394001260
037 ## - FUENTE DE ADQUISICIÓN
Fuente del número de adquisición Random House Inc, Attn Order Entry 400 Hahn rd, Westminster, MD, USA, 21157
Nota SAN 201-3975
040 ## - FUENTE DE LA CATALOGACIÓN
Centro catalogador/agencia de origen YDX
Lengua de catalogación eng
Normas de descripción rda
Centro/agencia transcriptor YDX
Centro/agencia modificador OCLCQ
-- IUO
-- OCLCO
-- YDX
-- OCLCO
-- VP@
-- UOK
-- MNN
-- IOU
-- JQF
-- IAK
-- IBI
-- CQC
-- CLE
-- CTU
-- IG#
-- UtOrBLW
041 ## - CÓDIGO DE LENGUA
Código de lengua del texto/banda sonora o título independiente English
050 #4 - SIGNATURA TOPOGRÁFICA DE LA BIBLIOTECA DEL CONGRESO
Número de clasificación HM851
Número de documento/Ítem .V37 2023
100 ## - ENTRADA PRINCIPAL--NOMBRE DE PERSONA
Nombre de persona Varoufakis, Yanis,
URI de un objeto del mundo real https://id.oclc.org/worldcat/entity/E39PBJkHjKY4VKF7vKd3WrKTpP
Número de control del registro de autoridad o número normalizado https://id.loc.gov/authorities/names/n90638346
Código de función http://id.loc.gov/vocabulary/relators/aut
9 (RLIN) 26818
245 10 - MENCIÓN DE TÍTULO
Título Technofeudalism
Resto del título : what killed capitalism
Mención de responsabilidad, etc. / Yanis Varoufakis.
246 3# - FORMA VARIANTE DE TÍTULO
Título propio/Titulo breve Techno feudalism
246 30 - FORMA VARIANTE DE TÍTULO
Título propio/Titulo breve What killed capitalism
264 #1 - PRODUCCIÓN, PUBLICACIÓN, DISTRIBUCIÓN, FABRICACIÓN Y COPYRIGHT
Producción, publicación, distribución, fabricación y copyright Brooklyn, NY :
Nombre del de productor, editor, distribuidor, fabricante Melville House,
Fecha de producción, publicación, distribución, fabricación o copyright 2023.
264 #4 - PRODUCCIÓN, PUBLICACIÓN, DISTRIBUCIÓN, FABRICACIÓN Y COPYRIGHT
Fecha de producción, publicación, distribución, fabricación o copyright ©2023
300 ## - DESCRIPCIÓN FÍSICA
Extensión xii, 291 pages :
Otras características físicas illustrations ;
Dimensiones 21 cm
500 ## - NOTA GENERAL
Nota general "First published in 2023 by The Bodley Head" -- title page verso.
504 ## - NOTA DE BIBLIOGRAFÍA, ETC.
Nota de bibliografía, etc. Includes bibliographical references (pages [251]-273) and index (pages [275]-291).
505 0# - NOTA DE CONTENIDO CON FORMATO
Nota de contenido con formato Hesiod's lament — Capitalism's metamorphoses — Cloud capital — The rise of the cloudalists and the demise of profit — What's in a word? — Technofeudalism's global impact : the new cold war — Escape from technofeudalism — Appendices: The political economy of technofeudalism ; The madness of derivatives.
520 ## - SUMARIO, ETC.
Sumario, etc. "Perhaps we were too distracted by the pandemic, or the endless financial crises, or the rise of TikTok. But under cover of them all, a new and more exploitative system has been taking hold. Insane sums of money that were supposed to re-float our economies after the crash of 2008 went to big tech instead. With it they funded the construction of their private cloud fiefdoms and privatized the internet. Technofeudalism says Yanis Varoufakis, is the new power that is reshaping our lives and the world, and is the greatest current threat to the liberal individual, to our efforts to avert climate catastrophe--and to democracy itself. Drawing on stories from Greek myth and pop culture, from Homer to Mad Men, Varoufakis explains this revolutionary transformation: how it enslaves our minds, how it rewrites the rules of global power, and, ultimately, what it will take overthrow it"--Provided by publisher.
650 #0 - PUNTO DE ACCESO ADICIONAL DE MATERIA--TÉRMINO DE MATERIA
Término de materia o nombre geográfico como elemento de entrada Big data
Número de control del registro de autoridad o número normalizado https://id.loc.gov/authorities/subjects/sh2012003227
9 (RLIN) 3389
650 #0 - PUNTO DE ACCESO ADICIONAL DE MATERIA--TÉRMINO DE MATERIA
Término de materia o nombre geográfico como elemento de entrada Economics
Subdivisión general Sociological aspects
Número de control del registro de autoridad o número normalizado https://id.loc.gov/authorities/subjects/sh88001829
9 (RLIN) 22359
650 #0 - PUNTO DE ACCESO ADICIONAL DE MATERIA--TÉRMINO DE MATERIA
Término de materia o nombre geográfico como elemento de entrada Information technology
Subdivisión general Economic aspects
Número de control del registro de autoridad o número normalizado https://id.loc.gov/authorities/subjects/sh2010115848
9 (RLIN) 12278
650 #0 - PUNTO DE ACCESO ADICIONAL DE MATERIA--TÉRMINO DE MATERIA
Término de materia o nombre geográfico como elemento de entrada Technology - Sociological aspects.
Subdivisión general Sociological aspects.
Número de control del registro de autoridad o número normalizado https://id.loc.gov/authorities/subjects/sh89004351
650 #0 - PUNTO DE ACCESO ADICIONAL DE MATERIA--TÉRMINO DE MATERIA
Término de materia o nombre geográfico como elemento de entrada Information technology - Political aspects.
Número de control del registro de autoridad o número normalizado https://id.loc.gov/authorities/subjects/sh2009102929
9 (RLIN) 26799
650 #0 - PUNTO DE ACCESO ADICIONAL DE MATERIA--TÉRMINO DE MATERIA
Término de materia o nombre geográfico como elemento de entrada Internet industry - Economic aspects.
9 (RLIN) 26820
650 #0 - PUNTO DE ACCESO ADICIONAL DE MATERIA--TÉRMINO DE MATERIA
Término de materia o nombre geográfico como elemento de entrada Internet industry - Moral and ethical aspects.
9 (RLIN) 26821
942 ## - ELEMENTOS DE ENTRADA AGREGADA (KOHA)
Fuente del sistema de clasificación o colocación Clasificación de Library of Congress
Holdings
Estado de retiro Estado de pérdida Fuente del sistema de clasificación o colocación Estado dañado No para préstamo Biblioteca de origen Biblioteca actual Fecha de adquisición Total de préstamos Fecha visto por última vez Número de copia Precio válido a partir de Tipo de ítem Koha Nota pública
    Clasificación de Library of Congress     TBS Barcelona TBS Barcelona 05/03/2026   05/03/2026 1 05/03/2026 Book SOON AVAILABLE

Powered by Koha